Т. 19, № 11; Упрочняющие технологии и покрытия

Podrobná bibliografie
Parent link:Упрочняющие технологии и покрытия: ежемесячный научно-технический и производственный журнал. Т. 19, № 11.— .— Москва: Инновационное машиностроение, 2005-.— 1813-1336
Shrnutí:Интерактивный мультимедиа ресурс
AM_Agreement
Jazyk:ruština
Vydáno: 2023
On-line přístup:https://www.elibrary.ru/contents.asp?id=54895106
Médium: MixedMaterials Elektronický zdroj Kniha
KOHA link:https://koha.lib.tpu.ru/cgi-bin/koha/opac-detail.pl?biblionumber=670017

MARC

LEADER 00000nam2a2200000 4500
001 670017
005 20231213094432.0
090 |a 670017 
100 |a 20231213d2023 k||y0rusy50 ca 
101 0 |a rus 
102 |a RU 
105 |a a z 001yy 
135 |a drcn ---uucaa 
181 0 |a i   |b  e  
182 0 |a b 
183 0 |a cr  |2 RDAcarrier 
200 0 |a Т. 19, № 11 
203 |a Текст  |c электронный  |b визуальный 
210 |d 2023 
283 |a online_resource  |2 RDAcarrier 
320 |a Библиография в конце статей 
336 |a Интерактивный мультимедиа ресурс 
371 0 |a AM_Agreement 
461 1 |0 400048  |t Упрочняющие технологии и покрытия  |o ежемесячный научно-технический и производственный журнал  |v Т. 19, № 11  |d 2005-  |9 400048  |c Москва  |n Инновационное машиностроение  |x 1813-1336 
801 0 |a RU  |b 63413507  |c 20231213  |g RCR 
850 |a 63413507 
856 4 0 |u https://www.elibrary.ru/contents.asp?id=54895106  |z https://www.elibrary.ru/contents.asp?id=54895106 
942 |c CR